| 000 | 00844nam a2200181 a 4500 | ||
|---|---|---|---|
| 008 | 120416s1994 ||||||||||||||||| || u | ||
| 020 | _a1557753865 | ||
| 050 | _aIMF(02) | ||
| 100 | _aSummers, Bruce J | ||
| 245 | 1 | 4 |
_aThe Payment System: design, management, and supervision _cedited by Bruce J. Summers |
| 260 |
_aWashington, D. C. _bInternational Monetary Fund _c1994 |
||
| 300 | _axi, 214p. : ill. | ||
| 350 | _a0.00 | ||
| 650 | _aINTERNATIONAL CLEARING | ||
| 650 | _aELECTRONICS--FUNDS TRANSFERS--INTERNATIONAL COOPERATION | ||
| 995 |
_D0.00 _FCBU-MAIN LIBRARY (Kitwe) _H1 _I0.00 _M2 _UAVAILABLE _WApr 8, 2008 _ZAnnex Low-Usage Collection |
||
| 995 |
_D0.00 _FCBU-MAIN LIBRARY (Kitwe) _H1 _I0.00 _M1 _UAVAILABLE _ZAnnex Low-Usage Collection |
||
| 999 |
_c81769 _d81769 |
||